मार्क्सवाद और हिंदी कहानी / (Record no. 120135)

MARC details
000 -LEADER
fixed length control field 01127nam a22002537a 4500
005 - DATE AND TIME OF LATEST TRANSACTION
control field 20170124103153.0
010 ## - LIBRARY OF CONGRESS CONTROL NUMBER
LC control number 963304
020 ## - INTERNATIONAL STANDARD BOOK NUMBER
Terms of availability 40.00
035 ## - SYSTEM CONTROL NUMBER
System control number 963304
037 ## - SOURCE OF ACQUISITION
Source of stock number/acquisition Cen Lib/Ret
040 ## - CATALOGING SOURCE
Original cataloging agency DPL
Language of cataloging HN
082 ## - DEWEY DECIMAL CLASSIFICATION NUMBER
Classification number 823.08
Item number गोकाक
100 ## - MAIN ENTRY--PERSONAL NAME
Personal name गोकाककर , सुधाकर
9 (RLIN) 88700
245 ## - TITLE STATEMENT
Title मार्क्सवाद और हिंदी कहानी /
Statement of responsibility, etc सुधाकर गोकाककर
246 ## - VARYING FORM OF TITLE
Title proper/short title Marksvaad aur hindi kahani
Remainder of title by Sudhakar Gokakkar
260 ## - PUBLICATION, DISTRIBUTION, ETC. (IMPRINT)
Place of publication, distribution, etc कानपूर
Name of publisher, distributor, etc विद्या विहार प्रकाशन
Date of publication, distribution, etc 1979
270 ## - ADDRESS
Address 87/40 ए , आचार्य नगर
City कानपूर
300 ## - PHYSICAL DESCRIPTION
Extent 214 पृष्ठ.
Dimensions 20सेमी(सजिल्द)
650 ## - SUBJECT ADDED ENTRY--TOPICAL TERM
Topical term or geographic name as entry element हिंदी कथा साहित्य
9 (RLIN) 258
650 ## - SUBJECT ADDED ENTRY--TOPICAL TERM
Topical term or geographic name as entry element हिंदी साहित्य में मार्क्सवाद का स्वरुप
9 (RLIN) 88701
650 ## - SUBJECT ADDED ENTRY--TOPICAL TERM
Topical term or geographic name as entry element Hindi fiction
9 (RLIN) 27248
650 ## - SUBJECT ADDED ENTRY--TOPICAL TERM
Topical term or geographic name as entry element Hindi literature form of Marxism
9 (RLIN) 88702
942 ## - ADDED ENTRY ELEMENTS (KOHA)
Source of classification or shelving scheme Dewey Decimal Classification
Koha item type Hindi Books
Classification part 823.08
Call number suffix गोकाक
Holdings
Withdrawn status Lost status Damaged status Not for loan Home library Current library Date acquired Source of acquisition Cost, normal purchase price Total Checkouts Full call number Barcode Date last seen Copy number Cost, replacement price Price effective from Koha item type
        Central Library Central Library 21/09/2015 Cen Lib/Ret 40.00   823.08 गोकाक 963304 21/09/2015 1 40.00 21/09/2015 Hindi Books

© Delhi Public Library
Hit Counter
free hit counter